|
|
|
|
| LEADER |
00000nab a2200000 ar4500 |
| 001 |
vtls008962739 |
| 003 |
SK-MaSNL |
| 005 |
20260303070731.0 |
| 008 |
070411c2007 xo mr|p|||||||000 b|slo |
| 015 |
|
|
|a SNBRB2007/04
|2 snkbucl
|
| 038 |
|
|
|a SNKBUCL
|
| 040 |
|
|
|a SNKBUCL
|b slo
|c SNKBUCL
|e AACR2
|
| 041 |
0 |
|
|a slo
|
| 044 |
|
|
|a xo
|c SK
|
| 080 |
|
|
|a 791.63-051
|2 2001
|
| 100 |
1 |
|
|a Oravcová, Zuzana
|4 ivr
|4 aut
|9 743488
|
| 245 |
1 |
0 |
|a Roman Rjachovský
|c [zhovárala sa] Zuzana Oravcová
|
| 300 |
|
|
|b Fotogr.
|
| 600 |
1 |
7 |
|a Rjachovský, Roman
|d 1937-
|2 snkbucl
|9 511985
|
| 655 |
|
7 |
|a rozhovory
|2 snkbucl
|9 31831
|
| 700 |
1 |
|
|a Rjachovský, Roman
|d 1937-
|4 ive
|4 aut
|9 511985
|
| 773 |
0 |
|
|t Film.sk
|g Roč. 8, č. 4 (2007), s. 42-43
|x 1335-8286
|
| 852 |
|
|
|a SNK
|b KIS3GCP
|
| 958 |
|
|
|a SK
|
| 999 |
|
|
|c 1756698
|d 1758628
|